Nový Zéland /

Hlavní autor: Přerovský, Miroslav
Další autoři: Janíček, Jaroslav
Jazyk: Čeština
Vydáno: Praha : Pressfoto, 1977
Vydání: 1. vyd.
Edice: Obchodně ekonomické sborníky Institutu zahraničního obchodu. VKS (Vyspělé kapitalistické státy)
Témata:
Fyzický popis: 186 s.
Knihy
Uloženo v:
LEADER 01080nam a22002772a 4500
001 000650636
003 CZ BrMZK
005 20111223061232.0
007 ta
008 010907s1977 xr f cze d
015 |a cnb001727643 
035 |a (OCoLC)190405840 
040 |a BOA001  |b cze  |c BOA002 
100 1 |a Přerovský, Miroslav  |7 jk01101498  |4 aut 
245 1 0 |a Nový Zéland /  |c Miroslav Přerovský, Jaroslav Janíček,... [et al.] 
250 |a 1. vyd. 
260 |a Praha :  |b Pressfoto,  |c 1977 
300 |a 186 s. 
490 1 |a Obchodně ekonomické sborníky Institutu zahraničního obchodu. VKS (Vyspělé kapitalistické státy) ;  |v sv. 28 
700 1 |a Janíček, Jaroslav  |7 jk01050946  |4 aut 
830 0 |a Obchodně ekonomické sborníky Institutu zahraničního obchodu.  |p VKS (Vyspělé kapitalistické státy) 
910 |a BOA001  |b 2-0778.336  |b PK-0080.987 
920 |a 000260926 
964 |a Nový Zéland - přehledy politicko-hospodářsko-kulturní 
990 |a BK 
996 7 |b 3119915187  |c PK-0080.987  |l MZK  |r Sklad / do 1 hodiny  |n 16  |w 000650636  |u 000020  |a 1  |e BOA001  |j MZK50  |s A